000 00676nab a2200181 4500
001 244442
003 OSt
005 20230531131238.0
007 tu
008 200917s2020|||||||
040 _aDE-2950
_cDE-2950
245 0 0 _aEin Storch ärgert die Güldendorfer.
_bWildtiere. Rutschpartien auf der Frontscheibe und Besuche beim Wirt - seit Wochen treibt ein Storch in dem Frankfurter Ortsteil Unfug. Sein treiben stellt auch Experten vor Rätsel /
_cInes Weber-Rath
264 _c2023
653 _aFrankfurt (Oder) <Ortsteil Güldendorf>
653 _aStorch
773 0 _g34. Jahrgang (2023) Nr. 120 vom 25.05.2023, S. 15: mit Foto
_tMärkische Oderzeitung
942 _2z
_cA
999 _c372487
_d372487